000 00862nam a22002177a 4500
999 _c12523
_d12523
003 AR-CdUCM
008 190409b ||||| |||| 00| 0 spa d
040 _aMUNICIPALIDAD PROVINCIAL DEL CUSCO
_cBIBLIOTECA MUNICIPAL DEL CUSCO
082 _27ed.
_a693.0 /
_bB23 / 1907
100 _aBartueso y Balarga, Fulgencio
_930394
245 _aManual de albañileria /
260 _aParís :
_bLibreria de la Vda de CH. Bouret,
_c1905.
300 _a364 páginas ;
_c16 cm.
440 _aEnciclopedia Popular
_930354
505 _aApagado de la cal y su conservación -- Morteros argamazas o mesclas -- de los adobes ladrillos y tejas -- Elementos e instrumentos de albañileria...
650 _aAlbañileria.
_921045
650 _aMateriales de construcción.
_919633
650 _aFormas de construcción.
_929728
942 _2ddc
_cLIBROS
945 _awfj
_d2019-04-09